The Oxford handbook of applied linguisticsedited by Robert B. Kaplan

Bibliographic Details
Other Authors: Kaplan, Robert B. 1952- (Editor)
Format: Book
Language:English
PhysicalDescription:xxvii, 641 s. ilustr. 26 cm
Published: Oxford Oxford University Press 2002
ISBN:019513267X
Subjects:

MARC

LEADER 00000nam a2200000 a 4500
001 vtls001486364
003 SK-MaSNL
005 20260302040733.0
008 171201s2002 xxkd g f 00100 eng
020 |a 019513267X  |q (viaz.) 
035 |a SNK000441657 
040 |a SNK  |b slo  |c SNK  |e AACR2 
041 0 |a eng 
044 |a xxk  |c GB 
072 7 |a 81  |x Jazykoveda. Jazyky  |2 konspekt 
080 |a 81`33  |2 2001 
080 |a (035)  |2 2001 
245 0 4 |a The Oxford handbook of applied linguisticsedited by Robert B. Kaplan 
260 |a Oxford  |b Oxford University Press  |c 2002 
300 |a xxvii, 641 s.  |b ilustr.  |c 26 cm 
650 0 7 |a aplikovaná lingvistika  |2 SNKPH  |9 1885 
655 7 |a príručky  |2 SNKPH  |9 74364 
700 1 |a Kaplan, Robert B.  |d 1952-  |4 edt  |9 691428 
919 |a 0-19-513267-X 
999 |c 1075913  |d 1077843 
952 |t P60, <04>, [BOOK], {604}, -A-  |a SNK  |b SNK  |y VYP  |7 0  |p 17A0453896  |o snkIC 131887  |i snkV 1781/2004  |8 2  |g 27.39  |0 0  |1 0  |4 0  |d 2004-12-01  |l 0  |r 2005-01-02 00:00:00  |w 2026-02-24